| 000 | 00980nam a22002657a 4500 | ||
|---|---|---|---|
| 005 | 20080617170539.0 | ||
| 008 | 080617t xxu||||| |||| 00| 0 eng d | ||
| 010 | _aENG-90350 | ||
| 020 |
_c165.00 _a8183988645 |
||
| 035 | _aEN-73883 | ||
| 037 | _bDBAD / PUB | ||
| 040 |
_aDPL _bEN |
||
| 082 | _a004.6 | ||
| 100 | _aJain, Sarika | ||
| 245 |
_aPragati's mobile computing : _cby Sarika Jain, Sachin Srivastava [and] C. Pushpanjali _b(for MCA - V semester C.C.S. University and U.P.T.U. syllabus) |
||
| 260 |
_aMeerut _bPragati Prakashan _c2008 |
||
| 270 |
_aPragati Bhawan, 240, W.K, Road, _bMeerut _e250001 |
||
| 300 |
_axvi, 302p. _c26 cm (pbk) |
||
| 490 | _a | ||
| 500 | _a | ||
| 700 | _aSrivastava , Sachin | ||
| 700 | _aPushpanjali, C. | ||
| 942 |
_cEN _h 004.6 _2ddc _m JAI |
||
| 999 |
_c13763 _d13763 |
||